Statistics for MLB Teams.

Click here to take the quiz!

General Stats

  • This quiz has been taken 1,149 times
  • The average score is 19 of 30

Answer Stats

HintAnswer% Correct
New York Yankees
87%
Boston Red Sox
84%
Chicago White Sox
77%
Los Angeles Dodgers
73%
San Francisco Giants
71%
Chicago Cubs
70%
Miami Marlins
69%
St. Louis Cardinals
68%
Texas Rangers
67%
Toronto Blue Jays
66%
Baltimore Orioles
65%
Houston Astros
65%
Seattle Mariners
64%
Detroit Tigers
63%
Atlanta Braves
62%
Milwaukee Brewers
62%
Washington Nationals
62%
Oakland Athletics
61%
Philadelphia Phillies
61%
Arizona Diamondbacks
60%
Pittsburgh Pirates
60%
Minnesota Twins
59%
San Diego Padres
59%
Cleveland Indians
58%
Kansas City Royals
58%
Colorado Rockies
55%
New York Mets
50%
Tampa Bay Rays
42%
Los Angeles Angels
36%
Cincinnati Reds
33%

Score Distribution

Percentile by Number Answered

Percent of People with Each Score

Your Score History

You have not taken this quiz